UM Logo

A direct actual-power control scheme for current-fed dual-active-bridge DC/DC converter based on virtual impedance estimation / (Record no. 19668)

MARC details
000 -LEADER
fixed length control field 00931nam a22002177a 4500
003 - CONTROL NUMBER IDENTIFIER
control field OSt
005 - DATE AND TIME OF LATEST TRANSACTION
control field 20250924154308.0
008 - FIXED-LENGTH DATA ELEMENTS--GENERAL INFORMATION
fixed length control field 240313b ||||| |||| 00| 0 eng d
040 ## - CATALOGING SOURCE
Transcribing agency 0
082 ## - DEWEY DECIMAL CLASSIFICATION NUMBER
Classification number DPer 621.381 In821 August 2022 v. 37 n. 8
100 ## - MAIN ENTRY--PERSONAL NAME
Personal name Zhang, Yue.
Relator term author.
9 (RLIN) 54604
245 ## - TITLE STATEMENT
Title A direct actual-power control scheme for current-fed dual-active-bridge DC/DC converter based on virtual impedance estimation /
Statement of responsibility, etc. Yue Zhang, Li Ding, Nei Hou, and Yunwei Li.
260 ## - PUBLICATION, DISTRIBUTION, ETC. (IMPRINT)
Place of publication, distribution, etc. New York ;
Name of publisher, distributor, etc. The Institute of Electrical and Electronics Engineers, Inc. ,
Date of publication, distribution, etc. August 2022.
300 ## - PHYSICAL DESCRIPTION
Extent Volume 37, pages 8963-8975 :
Other physical details illustration ;
Dimensions 28 cm.
500 ## - GENERAL NOTE
General note IEEE Transitions on Power Electronics, v. 37 n. 8, pages 8963-8975, August 2022.
700 ## - ADDED ENTRY--PERSONAL NAME
Personal name Zhang, Yue.
Relator term author.
9 (RLIN) 54604
700 ## - ADDED ENTRY--PERSONAL NAME
Personal name Ding, Li.
Relator term author.
9 (RLIN) 54605
700 ## - ADDED ENTRY--PERSONAL NAME
Personal name Hou, Nei.
Relator term author.
9 (RLIN) 54606
700 ## - ADDED ENTRY--PERSONAL NAME
Personal name Li, Yunwei.
Relator term author.
9 (RLIN) 54607
942 ## - ADDED ENTRY ELEMENTS (KOHA)
Source of classification or shelving scheme Dewey Decimal Classification
Koha item type Periodicals
Holdings
Withdrawn status Lost status Source of classification or shelving scheme Damaged status Not for loan Collection code Home library Current library Date acquired Total Checkouts Full call number Date last seen Price effective from Koha item type Public note
    Dewey Decimal Classification     Periodicals UM Digos College - LIC UM Digos College - LIC 03/13/2024   DPer 621.381 In821 August 2022 v. 37 n. 8 03/13/2024 03/13/2024 Periodicals Periodical Article